000 00755nam a2200229Ia 4500
003 OSt
005 20240515142823.0
008 210716s2002 xx 000 0 und d
020 _a8178081733
040 _cAIMIT LIBRARY
041 _aeng
082 _a005.1331
_22
_bSAVM
100 _aSavitch, Walter.
_9164607
245 _aProblem solving with c++:
_bobject of programming /
_cBy Walter Savitch.
250 _a2nd ed.
260 _aNew Delhi :
_bPearson Education ,
_c2002.
300 _axxv,913p. ;
_bPB
_c24 cm.
650 _aProcedural abstraction and functions that return a value
_9164608
650 _aFunctions for all subtasks
_9164609
650 _aStrings and multidimensional arrays
_9164610
942 _2ddc
_cBK
_e2nd ed.
_k005.1331 SAVM
999 _c185801
_d185801